000 00849nam a22002297a 4500
005 20240530110401.0
008 150120s2007 le of a 000 0 ara d
020 _a978995328
040 _aEG-CaGPL
041 0 _aara
082 0 4 _221
_a608
_bط/ب ك
100 1 _aبلانشار ، ان
245 1 2 _aالكتاب الكبير فى العلوم و الاختراعات العربية /
_cتاليف ان بلانشار ؛ اشرف على الطبعة العربية محمد نقرى
250 _aط 1
260 _aبيروت :
_bعويدات للنشر و الطباعة ،
_c2007
300 _a68 ص :
_bصور ؛
_c24 سم
650 0 4 _aالاختراعات العربية
650 0 4 _aالعلوم عند العرب
700 0 _aمحمد نقرى
_eمشرف
942 _2ddc
_cBK
999 _c60263
_d60263